Niveaux smm - Statistiques

Statistiques générales
  • Ce quiz a été pris 16 fois
  • Le résultat moyen est 26 sur 45
Statistiques - réponses
Hint Réponse % Correct
Niveau de super mario maker 1 ayant demandé plus de 7 ans à son créateur pour le valider Trials of Death
100%
Niveau que la team 0% essayait de terminer pensant qu'il s'agissait du dernier niveau unclear de smm1 avant d'apprendre qu'il n'a pas été validé légitimement Trimming the Herbs
100%
Un des premiers grands niveaux kaizos de super mario maker 2 Frozen Eclipse
93%
Version simple du précédent Verdant
93%
Niveau juggle le plus difficile de super mario maker 2 Verdant Double
93%
Niveau réunissant les 2 précédents Glacial Eclipse
86%
Autre niveau kaizo glacé du début de super mario maker 2 Glacial Gloom
86%
Niveau précision le plus difficile de super mario maker 2 My Front Yard
86%
Niveau le plus difficile de poly que celui ci n'a jamais valider Trials of Jank
86%
Niveau le plus difficile de Super Mario Maker 2 チョコ式スピードランver5
86%
Niveau considéré comme le plus difficile publié sur super mario maker 1. Il n'a pas été validé légitimement par son créateur, mais a été terminé par une autre personne. Bombs 5
79%
Super monde troll de 35 niveaux retraçant l'histoire du troll, des purges aux trolls meta Super Wagon World
79%
Vrai dernier niveau que la team 0% a fini sur super mario maker 1 The Last Dance
79%
Série de niveaux kaizo créés par gnomainain War Zone
79%
Série de niveaux emblématiques de boss épiques et difficiles créés par un normand assez jeune Combat de boss
71%
Niveau le plus difficile de la Team Shell Nostalgic Endeavours
71%
Suite de niveaux speedrun aux sauts précis que son créateur aime envoyer à tous les streamers de smm2 OSEJ
71%
Niveau réunissant cyboom, babagass, maxime, poly, shib, sady et noadesaintjak Collab du dimanche soir
64%
Niveau que sharky n'aime pas beaucoup Fracture Ray
64%
Niveau le plus difficile de la Team Précision Kitty Manya
64%
Niveau précision sur le (thème d'un) pays considéré goatesque par son créateur Luxembourg
64%
Niveau le plus difficile de la Team Consistency Sanyx's the Xtrem 80 TSJ
64%
Niveau reprenant un level classique avec quelques barres de feu en plus 1-1 but with a twist
57%
Niveau control qu'un seul québécois a terminé Bubblebath
57%
Niveau à pièces rouges ayant inspiré beaucoup de monde possédant une version sans CP Eisendrache
57%
Niveau avec des spring jumps redoutés par gnomainain Sharky's abandonned mansion
57%
Niveau speedrun breton de 30s demandant des sauts particulièrement précis Speedrun - L'Art Shuriken -30s-
57%
Meilleur niveau du monde : 2V2-HXW-XGF XTREM RECLAIM
57%
Niveau P ballon très précis créé par xfantsu Atrocity
50%
Niveau le plus difficile de sharky que celui ci n'a jamais pu valider Pantophobia
50%
Série de niveaux redoutés ayant fait un retour dans la poly race ii Spam Z
50%
Série de niveau brûlants créés par le roi des glaces Fire Wheel
43%
Niveau fait par shib passé dans une vidéo de Lilkirbs Ode to 2023
43%
Série de niveaux #3T créés par Gnomainain Tetraphobia
43%
Niveau speedrun iconique de 140s de chuck Light of Despair
36%
Suite de niveaux trolls de poly LOOGUY
36%
Niveau long avec une clef rouge Castle of Madness
29%
Niveau iconique de super mario maker 1 basé sur les sauts sur des P switchs P is for pain
29%
Premier niveau qui apparait lorsqu'on les trie par ordre décroissant de clear rates Lethal Ejection
21%
Niveau de la Gnomairace s'inspirant des plus grosses purges du jeu Polo ft Laupok War Zone : Berk
21%
Niveau de racaille dans lequel croodi crie particulièrement XTREM SHELL JUMP 2
21%
Niveau getting over it créé par l'américain Carlsagan42 Please Just Do Better
14%
Suite de niveaux trolls de sady Trollvengers
14%
Niveau très stupide et très court de poly Z and thwomps
14%
Niveau troll célèbre créé par le génie Shano19 Carl's Trash Can
7%
Aucun quiz correspondant
Distribution des résultats
% des personnes avec chaque résultat
Percentile par nombre de réponses
Votre historique - résultats
Vous n’avez pas pris ce quiz